000
00316nam a22001337a 4500
008
190306b xxu||||| |||| 00| 0 eng d
020
_a
9781451114102
041
_a
eng
080
_2
3rd
_a
616.34
100
_a
9
101
_a
GAS
245
_a
Gastroenterology Subspecialty Consult
_c
Gyawali, C.P
942
_2
udc
_c
BK
999
_c
54637
_d
54637